| 000 | 00762cam a2200265uu 4500 | ||
|---|---|---|---|
| 001 | 4430165 | ||
| 003 | ARRUPE | ||
| 005 | 20150417144146.0 | ||
| 008 | 720601s1954 nyu 000 0 eng u | ||
| 010 | _a54009006 | ||
| 035 | _a(OCoLC)505742623 | ||
| 035 | _a(OCoLC)ocn505742623 | ||
| 035 | _a(NNC)4430165 | ||
| 040 |
_cODaWU _dNNUT _dCStRLIN _dNNUT |
||
| 050 |
_aPJ4567 _b.Y3 1954 |
||
| 100 | 1 |
_aYates, Kyle Monroe, _d1895- _917325 |
|
| 245 | 1 | 4 |
_aThe essentials of Biblical Hebrew / _cby Kyle M. Yates. |
| 250 |
_aRev. ed. _bby John Joseph Owens. |
||
| 260 |
_aNew York : _bHarper, _c[1954?] |
||
| 300 |
_axv, 227 p. ; _c22 cm. |
||
| 650 | 0 |
_aHebrew language _xGrammar. _917326 |
|
| 740 | 0 | _aBiblical Hebrew. | |
| 942 |
_2lcc _cMONOGRAPH |
||
| 999 |
_c122707 _d122707 |
||